| 000 | 01470nam0a2200337 4500 | ||
|---|---|---|---|
| 001 | RU\NLR\bibl\102838 | ||
| 005 | 20260406055754.0 | ||
| 010 |
_a5-8071-0023-9 _93000 |
||
| 021 |
_aRU _b2000-13009 _9634 |
||
| 035 | _a(NLR Aleph) 000100597 | ||
| 090 |
_a567852 _c567852 |
||
| 100 | _a20000810d1999 |||y0rusy50 ca | ||
| 101 | 1 |
_arus _cfre |
|
| 102 | _aRU | ||
| 105 | _ay ||||||||| | ||
| 200 | 1 |
_aФранцузское общество времен Филиппа Августа _fАшиль Люшер _g[Пер. с фр. к.и.н. Цыбулько Г.Ф.] |
|
| 210 |
_aСПб. _cЕвразия _d1999 |
||
| 215 |
_a412, [1] c. _d21 |
||
| 225 | 1 | _aCLIO | |
| 300 | _aЗагл. и авт. ориг.: La société française au temps de Philippe-Auguste/Achille Luchaire | ||
| 454 | 0 |
_12001#$aLa société française au temps de Philippe-Auguste$fAchille Luchaire _tLa société française au temps de Philippe-Auguste |
|
| 607 |
_aФранция _xБыт и нравы _z13 в. _92175567 _3RU\NLR\auth\661308473 |
||
| 686 | _aТ3(4Фр)42-75 | ||
| 700 | 1 |
_4070 _8rus _7ca _aЛюшер _bА. _f1846-1908 _gАшиль _3RU\NLR\auth\7710105 _9119889 |
|
| 702 | 0 |
_4570 _8rus _7ca _aФилипп _cкороль французский _dII Август _f1165-1223 _3RU\NLR\auth\7710104 _9119888 |
|
| 801 | 0 |
_aRU _bNLR _c20000810 _gPSBO |
|
| 801 | 1 |
_aRU _bNLR _c20000810 |
|
| 852 |
_aNLR _j2000-3/7367 |
||
| 942 | _cBOOK | ||
| 980 | _aNB | ||